<?xml version="1.0" encoding="UTF-8"?>
<record
    xmlns:xsi="http://www.w3.org/2001/XMLSchema-instance"
    xsi:schemaLocation="http://www.loc.gov/MARC21/slim http://www.loc.gov/standards/marcxml/schema/MARC21slim.xsd"
    xmlns="http://www.loc.gov/MARC21/slim">

  <leader>03487nam a2200565Ia 4500</leader>
  <controlfield tag="001">2565</controlfield>
  <controlfield tag="008">241029s9999    xx            000 0 und d</controlfield>
  <datafield tag="010" ind1=" " ind2=" ">
    <subfield code="a">2411</subfield>
  </datafield>
  <datafield tag="041" ind1=" " ind2=" ">
    <subfield code="a">Espa&#xF1;ol</subfield>
  </datafield>
  <datafield tag="082" ind1=" " ind2=" ">
    <subfield code="a">TS-00292 </subfield>
  </datafield>
  <datafield tag="245" ind1=" " ind2="0">
    <subfield code="a">An&#xE1;lisis de la gesti&#xF3;n escolar en los Centros Educativos P&#xFA;blicos: Sector Sureste y Urania Mont&#xE1;s, correspondientes al Distrito Educativo 02-05, del Municipio de San Juan de la Maguana, a&#xF1;o 2007-2008.</subfield>
  </datafield>
  <datafield tag="260" ind1=" " ind2=" ">
    <subfield code="a">San Juan</subfield>
  </datafield>
  <datafield tag="300" ind1=" " ind2=" ">
    <subfield code="a">127</subfield>
  </datafield>
  <datafield tag="520" ind1=" " ind2=" ">
    <subfield code="a">17</subfield>
  </datafield>
  <datafield tag="630" ind1=" " ind2=" ">
    <subfield code="a">Centros Educativos</subfield>
  </datafield>
  <datafield tag="630" ind1=" " ind2=" ">
    <subfield code="a">Directores de Centro</subfield>
  </datafield>
  <datafield tag="630" ind1=" " ind2=" ">
    <subfield code="a">Liderazgo</subfield>
  </datafield>
  <datafield tag="650" ind1=" " ind2=" ">
    <subfield code="a">Gesti&#xF3;n Educativa</subfield>
  </datafield>
  <datafield tag="690" ind1=" " ind2=" ">
    <subfield code="a">Copiado sin cambios</subfield>
  </datafield>
  <datafield tag="700" ind1=" " ind2=" ">
    <subfield code="e">asesor</subfield>
    <subfield code="a">Paulino, Laura</subfield>
  </datafield>
  <datafield tag="700" ind1=" " ind2=" ">
    <subfield code="e">autor</subfield>
    <subfield code="a">Gonz&#xE1;lez Pe&#xF1;a, Idalina</subfield>
  </datafield>
  <datafield tag="700" ind1=" " ind2=" ">
    <subfield code="e">autor</subfield>
    <subfield code="a">Vidal Mateo , Julio C&#xE9;sar </subfield>
  </datafield>
  <datafield tag="700" ind1=" " ind2=" ">
    <subfield code="e">asesor</subfield>
    <subfield code="a">Zabala Moreta , Rub&#xE9;n Guillermo </subfield>
  </datafield>
  <datafield tag="901" ind1=" " ind2=" ">
    <subfield code="a">{"1":"Gonz&#xE1;lez Pe&#xF1;a","2":"Vidal Mateo "}</subfield>
    <subfield code="b">{"1":"Idalina","2":"Julio C&#xE9;sar "}</subfield>
  </datafield>
  <datafield tag="902" ind1=" " ind2=" ">
    <subfield code="a">2</subfield>
  </datafield>
  <datafield tag="903" ind1=" " ind2=" ">
    <subfield code="a">{"1":"Zabala Moreta ","2":"Paulino"}</subfield>
    <subfield code="b">{"1":"Rub&#xE9;n Guillermo ","2":"Laura"}</subfield>
  </datafield>
  <datafield tag="904" ind1=" " ind2=" ">
    <subfield code="a">Maestr&#xED;a en</subfield>
  </datafield>
  <datafield tag="905" ind1=" " ind2=" ">
    <subfield code="a">Gesti&#xF3;n de Centros Educativos</subfield>
  </datafield>
  <datafield tag="906" ind1=" " ind2=" ">
    <subfield code="a">2</subfield>
  </datafield>
  <datafield tag="907" ind1=" " ind2=" ">
    <subfield code="a">NO APLICA</subfield>
  </datafield>
  <datafield tag="908" ind1=" " ind2=" ">
    <subfield code="a">NO APLICA</subfield>
  </datafield>
  <datafield tag="909" ind1=" " ind2=" ">
    <subfield code="a">ISFODOSU, Recinto Urania Mont&#xE1;s</subfield>
  </datafield>
  <datafield tag="910" ind1=" " ind2=" ">
    <subfield code="a">NULL</subfield>
    <subfield code="b">NULL</subfield>
  </datafield>
  <datafield tag="911" ind1=" " ind2=" ">
    <subfield code="a">["1"]</subfield>
  </datafield>
  <datafield tag="912" ind1=" " ind2=" ">
    <subfield code="a">NO APLICA</subfield>
  </datafield>
  <datafield tag="913" ind1=" " ind2=" ">
    <subfield code="a">NULL</subfield>
  </datafield>
  <datafield tag="914" ind1=" " ind2=" ">
    <subfield code="a">01 de Octubre de 2008</subfield>
  </datafield>
  <datafield tag="915" ind1=" " ind2=" ">
    <subfield code="a">03/11/19 08:11</subfield>
  </datafield>
  <datafield tag="916" ind1=" " ind2=" ">
    <subfield code="a">NULL</subfield>
  </datafield>
  <datafield tag="917" ind1=" " ind2=" ">
    <subfield code="a">NULL</subfield>
  </datafield>
  <datafield tag="918" ind1=" " ind2=" ">
    <subfield code="a">NO APLICA</subfield>
  </datafield>
  <datafield tag="919" ind1=" " ind2=" ">
    <subfield code="a">["33","203","131"]</subfield>
  </datafield>
  <datafield tag="520" ind1=" " ind2=" ">
    <subfield code="a">La presente investigaci&#xF3;n, aborda la situaci&#xF3;n de la gesti&#xF3;n escolar en los Centros Educativos P&#xFA;blicos del Nivel B&#xE1;sico Urania Mont&#xE1;s y Sector Sureste del Municipio de San Juan de la Maguana, para la cual se ha tomado como punto de referencia, las teor&#xED;as educativas sobre la gesti&#xF3;n.El estudio parte del modelo te&#xF3;rico que concibe la gesti&#xF3;n como un elemento determinante para lograr la calidad de los procesos educativos que se desarrollan con cada unidad escolar, por lo que, se fundament&#xF3; en indagar aspectos relacionados con el nivel de realizaci&#xF3;n de las funciones directivas, liderazgo que se manifiesta y modelo de gesti&#xF3;n asumido.A partir de las t&#xE9;cnicas de encuesta, observaci&#xF3;n y di&#xE1;logo informales con los principales actores del proceso educativo, que sirvieron como unidad de observaci&#xF3;n, se obtuvieron las informaciones&#xA0;pertinentes que fueron analizadas y respuestas con descriptores estad&#xED;sticos y utilizando la metodolog&#xED;a descriptiva de inclinaci&#xF3;n m&#xE1;s cualitativa que cuantitativa.Atendiendo a los objetivos de esta&#xA0;investigaci&#xF3;n, se arrib&#xF3; a tres grandes conclusiones: en sentido general, los directores de los centros educativos que sirvieron de unidad de observaci&#xF3;n, cumplen con las funciones establecidas por la Gesti&#xF3;n Escolar, el tipo de liderazgo  que se manifiesta desde la direcci&#xF3;n de los centros de estudio, puede ser definido como participativo, ya que, a&#xFA;n con debilidades en las actividades realizadas en la gesti&#xF3;n, se evidencia que existe consenso entre todos los actores que componen la comunidad educativa para su planificaci&#xF3;n y toma de decisiones; los aspectos que caracterizan el modelo de gesti&#xF3;n orientado por el Ministerio de Educaci&#xF3;n, son conocidos y promovidos por directivos y docentes de ambas escuelas, aunque se denota diferencia en su aplicaci&#xF3;n.</subfield>
  </datafield>
  <datafield tag="921" ind1=" " ind2=" ">
    <subfield code="a">24</subfield>
  </datafield>
  <datafield tag="922" ind1=" " ind2=" ">
    <subfield code="a">24</subfield>
  </datafield>
  <datafield tag="923" ind1=" " ind2=" ">
    <subfield code="a">0</subfield>
  </datafield>
  <datafield tag="924" ind1=" " ind2=" ">
    <subfield code="a">NO APLICA</subfield>
  </datafield>
  <datafield tag="942" ind1=" " ind2=" ">
    <subfield code="c">Tesis</subfield>
  </datafield>
  <datafield tag="999" ind1=" " ind2=" ">
    <subfield code="c">2411</subfield>
    <subfield code="d">2411</subfield>
  </datafield>
</record>
